| 000 | 00825nam a2200241Ia 4500 | ||
|---|---|---|---|
| 003 | OSt | ||
| 005 | 20220926021717.0 | ||
| 006 | a|||||r|||| 00| 0 | ||
| 007 | ta | ||
| 008 | 220923b |||||||| |||| 00| 0 eng d | ||
| 037 | _cGeneral Book | ||
| 040 |
_aRTL _cRTL _beng |
||
| 041 |
_2eng _aeng |
||
| 082 | _aVIN45,936:8.N73, L3,2 UN | ||
| 110 | _aUNITED NATIONS, ECONOMIC AND SOCIAL COUNCIL. | ||
| 245 | 0 |
_aUnited Nations development programme report of the governing council _b 15th session on (22Jan-13Feb 1973) |
|
| 260 |
_aNew York _bUnited Nations _c1973 |
||
| 300 |
_aiv,85p _ccm. |
||
| 500 | _aOfficial records : 55th session ,supp.2. | ||
| 700 | _aUNITED NATIONS, ECONOMIC AND SOCIAL COUNCIL. | ||
| 942 |
_hVIN45,936:8.N73, L3,2 UN _cGB _2CC |
||
| 999 |
_c637446 _d637446 |
||